| 000 | 00850nam a2200253 a 4500 | ||
|---|---|---|---|
| 001 | BRCA_352 | ||
| 005 | 20190320202954.0 | ||
| 008 | 760120s1976 nyu#---##b---#001-0ceng-d | ||
| 020 | _a0834801132 | ||
| 040 |
_aDLC _cDLC _dDLC |
||
| 050 | 4 |
_aN7358 _b.R63 1976 |
|
| 100 | 1 |
_aRoberts, Laurance P. _91174 |
|
| 245 | 1 | 0 |
_aA dictionary of Japanese artists _bPainting, sculpture, ceramics, prints, lacquer _cLaurance P. Roberts ; with a foreword by John M. Rosenfield. |
| 260 |
_aNueva York _bWeatherhill _c1976 |
||
| 300 |
_aXI, 299 p. _c27 cm. |
||
| 500 | _aIncluye glosario | ||
| 500 | _aTítulo del lomo: A dictionary of Japanese artists | ||
| 500 | _aDonación Fundación Japón | ||
| 504 | _aBibliografía: p. 223-232. | ||
| 650 | 1 | 4 |
_aArtistas _vBiografía _zJapón _91175 |
| 700 | 1 |
_aRosenfield, Jhon M. _91176 |
|
| 902 | _aDFJ | ||
| 942 |
_2lcc _cB |
||
| 999 |
_c289 _d289 |
||